00378 2200157 4500001002100000005001500021020002200036035002000058082000800078084001400086100001500100245003900115260002800154300002600182990001200208INLIS00000000000296120250917020114 a978-602-7735-23-1 a0010-0925000308 a813 a813 NUN m0 aNuniek K.R1 aMencintai Apa Adanya /cNuniek K.R aJakarta :bZettu,c2012 a248 hlm ;c13 x 19 cm a0755672